[Event "Zagreb Open 2011 Grupo A"]
[Site "Zagreb CRO"]
[Date "2011.04.16"]
[Round "7.5"]
[White "Petkov, Vladimir"]
[Black "Martinovic, Sasa"]
[Result "1/2-1/2"]
[WhiteElo "2493"]
[BlackElo "2504"]
[PlyCount "84"]
[EventDate "2011.04.11"]
[EventType "swiss"]
[EventRounds "9"]
[EventCountry "CRO"]
[Source "lmi"]
[SourceDate "2011.04.11"]

1. d4 Nf6 2. c4 g6 3. Nc3 Bg7 4. e4 d6 5. Be2 O-O 6. Be3 e5 7. d5 Na6 8. g4 Nc5
9. Bf3 a5 10. h4 Qd7 11. g5 Ng4 12. Bxg4 Qxg4 13. Qxg4 Bxg4 14. f3 Bd7 15. Bxc5
dxc5 16. Nge2 f6 17. Kf2 Ra6 18. Ke3 h6 19. Rag1 Rb6 20. b3 Kf7 21. Nc1 Rd6 22.
Nd3 b6 23. Nb5 Bxb5 24. cxb5 f5 25. Nb2 f4+ 26. Kd3 h5 27. Rc1 Re8 28. Rc4 Bf8
29. Ra4 Rdd8 30. Kc4 Bd6 31. Nd3 Ke7 32. a3 Ra8 33. Ra1 Kd7 34. Nb2 Reb8 35.
Nd3 Re8 36. b4 axb4 37. axb4 Rxa4 38. Rxa4 cxb4 39. Nxb4 Bxb4 40. Kxb4 Rd8 41.
Kc4 Kc8 42. Ra8+ Kd7 1/2-1/2

[Event "Zagreb Open 2011 Grupo A"]
[Site "Zagreb CRO"]
[Date "2011.04.16"]
[Round "7.6"]
[White "Zelic, Zdravko"]
[Black "Burmakin, Vladimir"]
[Result "1/2-1/2"]
[WhiteElo "2391"]
[BlackElo "2594"]
[PlyCount "115"]
[EventDate "2011.04.11"]
[EventType "swiss"]
[EventRounds "9"]
[EventCountry "CRO"]
[Source "lmi"]
[SourceDate "2011.04.11"]

1. e4 c6 2. d4 d5 3. exd5 cxd5 4. c4 Nf6 5. Nc3 g6 6. Qb3 Bg7 7. cxd5 O-O 8.
Be2 Qb6 9. Qxb6 axb6 10. Bf3 Na6 11. Nge2 Nb4 12. O-O Rd8 13. d6 exd6 14. Bg5
h6 15. Bxf6 Bxf6 16. a3 Nc6 17. Rfd1 Ne7 18. Nd5 Nxd5 19. Bxd5 Ra5 20. Nc3 Be6
21. Bxe6 fxe6 22. Rd3 d5 23. Re1 Rd6 24. g3 Kf7 25. h4 Rc6 26. Red1 b5 27. Na2
Rc4 28. R1d2 Be7 29. Rb3 b4 30. Nxb4 Bxb4 31. Rxb4 Rxb4 32. axb4 Rb5 33. Rd3
Rxb4 34. b3 Kf6 35. Kf1 e5 36. dxe5+ Kxe5 37. Ke2 d4 38. Rf3 Rb5 39. Kd2 g5 40.
hxg5 hxg5 41. Kc2 Rc5+ 42. Kd2 b5 43. Rf8 Rc3 44. f4+ gxf4 45. gxf4+ Ke4 46. b4
Rf3 47. Rb8 Rxf4 48. Rxb5 Rf2+ 49. Ke1 Rh2 50. Rb8 Ke3 51. Re8+ Kd3 52. b5 Rh1+
53. Kf2 Rb1 54. Rb8 Kd2 55. b6 d3 56. b7 Rb6 57. Kf3 Rb4 58. Kg3 1/2-1/2

[Event "Zagreb Open 2011 Grupo A"]
[Site "Zagreb CRO"]
[Date "2011.04.16"]
[Round "7.9"]
[White "Banusz, Tamas"]
[Black "Saric, Ante"]
[Result "1-0"]
[WhiteElo "2563"]
[BlackElo "2491"]
[PlyCount "61"]
[EventDate "2011.04.11"]
[EventType "swiss"]
[EventRounds "9"]
[EventCountry "CRO"]
[Source "lmi"]
[SourceDate "2011.04.11"]

1. Nf3 Nf6 2. c4 e6 3. g3 d5 4. d4 Bb4+ 5. Bd2 Bxd2+ 6. Nbxd2 b6 7. cxd5 exd5
8. Bg2 O-O 9. O-O Nbd7 10. b4 c5 11. Ne5 Nxe5 12. dxe5 Ng4 13. bxc5 Nxe5 14.
Nb3 Be6 15. Qd4 Nc6 16. Qa4 Ne7 17. Rac1 bxc5 18. Rxc5 Bd7 19. Qa6 Qb6 20. Qa3
Rfe8 21. Rfc1 Bf5 22. Rc7 Qf6 23. Rxa7 Rxa7 24. Qxa7 Qb2 25. e3 h6 26. Ra1 Bc2
27. Qd4 Qa3 28. Qc3 Rc8 29. Qe5 Kf8 30. Nd4 Qb2 31. Ne6+ 1-0

[Event "Zagreb Open 2011 Grupo A"]
[Site "Zagreb CRO"]
[Date "2011.04.16"]
[Round "7.10"]
[White "Zelcic, Robert"]
[Black "Petrov, Marijan"]
[Result "1-0"]
[WhiteElo "2550"]
[BlackElo "2534"]
[PlyCount "67"]
[EventDate "2011.04.11"]
[EventType "swiss"]
[EventRounds "9"]
[EventCountry "CRO"]
[Source "lmi"]
[SourceDate "2011.04.11"]

1. e4 g6 2. d4 Bg7 3. Nc3 c6 4. Nf3 d5 5. h3 dxe4 6. Nxe4 Nd7 7. Bc4 Ngf6 8.
Nxf6+ Nxf6 9. O-O O-O 10. Re1 b6 11. Qe2 e6 12. Bg5 Qc7 13. Rad1 Nd5 14. Qd2
Bb7 15. Bxd5 cxd5 16. Bh6 Rac8 17. c3 Rce8 18. Bxg7 Kxg7 19. Re3 Re7 20. Rde1
Rfe8 21. h4 f6 22. h5 Qd6 23. Nh4 Qf4 24. g3 Qg4 25. h6+ Kf7 26. Nf3 Qh3 27.
R3e2 g5 28. Qxg5 Rg8 29. Qf4 Ke8 30. Qb8+ Kf7 31. Qf4 Ke8 32. Qxf6 Bc8 33. Ng5
Qg4 34. Nxe6 1-0

[Event "Zagreb Open 2011 Grupo A"]
[Site "Zagreb CRO"]
[Date "2011.04.16"]
[Round "7.11"]
[White "Jankovic, Alojzije"]
[Black "Fercec, Nenad"]
[Result "1-0"]
[WhiteElo "2563"]
[BlackElo "2452"]
[PlyCount "43"]
[EventDate "2011.04.11"]
[EventType "swiss"]
[EventRounds "9"]
[EventCountry "CRO"]
[Source "lmi"]
[SourceDate "2011.04.11"]

1. d4 Nf6 2. c4 g6 3. Nf3 Bg7 4. Nc3 d5 5. cxd5 Nxd5 6. e4 Nxc3 7. bxc3 c5 8.
Be3 Qa5 9. Qd2 O-O 10. Rc1 Nd7 11. d5 b5 12. Bd3 Re8 13. h4 e6 14. dxe6 Rxe6
15. h5 Bb7 16. hxg6 hxg6 17. Kf1 Rd8 18. Bh6 Bh8 19. Qf4 Ne5 20. Bf8 Bf6 21.
Ng5 Nxd3 22. Rh8+ 1-0

[Event "Zagreb Open 2011 Grupo A"]
[Site "Zagreb CRO"]
[Date "2011.04.16"]
[Round "7.12"]
[White "Smith, Bryan G"]
[Black "Pacher, Milan"]
[Result "1-0"]
[WhiteElo "2466"]
[BlackElo "2415"]
[PlyCount "61"]
[EventDate "2011.04.11"]
[EventType "swiss"]
[EventRounds "9"]
[EventCountry "CRO"]
[Source "lmi"]
[SourceDate "2011.04.11"]

1. e4 c5 2. Nf3 Nc6 3. d4 cxd4 4. Nxd4 Nf6 5. Nc3 e5 6. Ndb5 d6 7. Nd5 Nxd5 8.
exd5 Nb8 9. a4 Be7 10. Be2 O-O 11. O-O Nd7 12. Kh1 b6 13. a5 a6 14. Na3 b5 15.
b4 Rb8 16. Rb1 Nf6 17. c4 Bf5 18. Rb3 Qd7 19. Be3 Rfc8 20. f3 Bd8 21. Bg1 Ne8
22. cxb5 axb5 23. f4 Be4 24. Re3 Bg6 25. fxe5 dxe5 26. Rxe5 Bf6 27. Bg4 Qd6 28.
Re2 Qxb4 29. Bxc8 Rxc8 30. Qe1 Qf8 31. Bc5 1-0

[Event "Zagreb Open 2011 Grupo A"]
[Site "Zagreb CRO"]
[Date "2011.04.16"]
[Round "7.13"]
[White "Armanda, Ivica"]
[Black "Dutina, Dario"]
[Result "0-1"]
[WhiteElo "2389"]
[BlackElo "2282"]
[PlyCount "172"]
[EventDate "2011.04.11"]
[EventType "swiss"]
[EventRounds "9"]
[EventCountry "CRO"]
[Source "lmi"]
[SourceDate "2011.04.11"]

1. e4 e5 2. Nf3 Nc6 3. Bc4 Nf6 4. d3 Bc5 5. c3 d6 6. O-O O-O 7. Bb3 Bb6 8. h3
Ne7 9. Bg5 Ng6 10. Nh4 Nxh4 11. Bxh4 h6 12. Nd2 g5 13. Bg3 c6 14. Nc4 Bc7 15.
Ne3 Ne8 16. d4 Qf6 17. Re1 Kh7 18. Bc2 Ng7 19. b4 a6 20. c4 Ne6 21. Nd5 Qd8 22.
Nxc7 Qxc7 23. d5 Nf4 24. c5 cxd5 25. Bxf4 gxf4 26. exd5+ f5 27. Rc1 Bd7 28. Qd2
Rae8 29. a4 Rg8 30. Bb1 Rg5 31. c6 bxc6 32. h4 Rg7 33. dxc6 Be6 34. f3 Reg8 35.
Re2 d5 36. Ba2 Rd8 37. Qc2 e4 38. Rf1 d4 39. Bxe6 d3 40. Bxf5+ Kh8 41. Qb2 dxe2
42. Qxe2 Qxc6 43. Qxe4 Qd6 44. Re1 Rdg8 45. Bh3 Qb6+ 46. Kf1 Qf6 47. h5 Rb8 48.
Qe6 Rf7 49. Qc4 Rd8 50. b5 axb5 51. axb5 Rb7 52. Qc6 Rb6 53. Re8+ Rxe8 54.
Qxe8+ Kg7 55. Qd7+ Qf7 56. Ke2 Qxd7 57. Bxd7 Rd6 58. Bc6 Kf6 59. Kf1 Kg5 60.
Be8 Kh4 61. Kf2 Rd2+ 62. Kf1 Kg3 63. Bc6 Rb2 64. Ke1 Kxg2 65. Kd1 Kf2 66. Kc1
Rb4 67. Kd2 Rb2+ 68. Kc3 Rb1 69. Kd4 Kg3 70. Kd5 Kh4 71. Be8 Kg3 72. Bc6 Kh4
73. Be8 Rc1 74. Kd6 Rc3 75. b6 Rxf3 76. b7 Rb3 77. Kc7 f3 78. b8=Q Rxb8 79.
Kxb8 f2 80. Bb5 Kxh5 81. Kc7 Kg4 82. Kd6 Kg3 83. Ke5 h5 84. Ke4 Kg2 85. Kf4 h4
86. Kg4 h3 0-1

[Event "Zagreb Open 2011 Grupo A"]
[Site "Zagreb CRO"]
[Date "2011.04.16"]
[Round "7.14"]
[White "Mrda, Milan"]
[Black "Ulibin, Mikhail"]
[Result "0-1"]
[WhiteElo "2404"]
[BlackElo "2521"]
[PlyCount "60"]
[EventDate "2011.04.11"]
[EventType "swiss"]
[EventRounds "9"]
[EventCountry "CRO"]
[Source "lmi"]
[SourceDate "2011.04.11"]

1. e4 c5 2. Nf3 e6 3. d3 Nc6 4. Be2 d5 5. exd5 exd5 6. d4 cxd4 7. Nxd4 Bc5 8.
Nb3 Bb6 9. O-O Nf6 10. c3 Ne4 11. N1d2 Qh4 12. Qe1 O-O 13. Nf3 Qf6 14. Bd3 Re8
15. Be3 Nxf2 16. Bxb6 Rxe1 17. Raxe1 Ne4 18. Bxe4 dxe4 19. Rxe4 Bf5 20. Bd4
Nxd4 21. Rxd4 Qb6 22. Rf2 Re8 23. h3 h6 24. Rdd2 Bb1 25. Nc1 Re3 26. a3 Be4 27.
Nd4 Re1+ 28. Rf1 Rxf1+ 29. Kxf1 Qf6+ 30. Rf2 Bxg2+ 0-1

[Event "Zagreb Open 2011 Grupo A"]
[Site "Zagreb CRO"]
[Date "2011.04.16"]
[Round "7.15"]
[White "Zufic, Miroslav"]
[Black "Drazic, Sinisa"]
[Result "1/2-1/2"]
[WhiteElo "2395"]
[BlackElo "2467"]
[PlyCount "125"]
[EventDate "2011.04.11"]
[EventType "swiss"]
[EventRounds "9"]
[EventCountry "CRO"]
[Source "lmi"]
[SourceDate "2011.04.11"]

1. e4 c6 2. d4 d5 3. e5 Bf5 4. Nd2 e6 5. Nb3 Nd7 6. Nf3 Bg6 7. Be2 Be7 8. O-O
Nh6 9. Bd2 O-O 10. Qc1 Nf5 11. g4 Nh4 12. Nxh4 Bxh4 13. f4 f6 14. Be3 h6 15.
Qd2 Qe7 16. Bd3 Bxd3 17. Qxd3 fxe5 18. fxe5 Rxf1+ 19. Rxf1 Rf8 20. Qg6 Rxf1+
21. Kxf1 Nf8 22. Qh5 b6 23. Ke2 Kh7 24. Nd2 g5 25. Nf3 Ng6 26. Nxh4 Nxh4 27.
Bf2 Ng6 28. Be3 c5 29. c3 cxd4 30. cxd4 Kg7 31. Qh3 Qb4 32. b3 Qa3 33. Qf3
Qxa2+ 34. Kf1 Qb1+ 35. Kf2 Nf4 36. Bxf4 gxf4 37. Qxf4 Qc2+ 38. Kg3 Qd3+ 39. Kh4
Qg6 40. Qc1 Qf7 41. Kg3 Qd7 42. Qf4 Qe7 43. Qc1 Qd7 44. Qf4 Qd8 45. Qc1 Qe7 46.
h4 Qd8 47. Qc6 Qe7 48. Qc1 Qf7 49. Qc6 h5 50. g5 a5 51. Qxb6 Qf5 52. Qd8 Qg4+
53. Kh2 Qxh4+ 54. Kg2 Qe4+ 55. Kh2 Qc2+ 56. Kg1 Qd1+ 57. Kg2 Qd2+ 58. Kh1 Qe1+
59. Kg2 Qe2+ 60. Kg1 Qg4+ 61. Kh2 Qf4+ 62. Kg2 Qg4+ 63. Kh2 1/2-1/2

[Event "Zagreb Open 2011 Grupo A"]
[Site "Zagreb CRO"]
[Date "2011.04.16"]
[Round "7.16"]
[White "Kovacevic, Blazimir"]
[Black "Sale, Srdan"]
[Result "1/2-1/2"]
[WhiteElo "2466"]
[BlackElo "2380"]
[PlyCount "105"]
[EventDate "2011.04.11"]
[EventType "swiss"]
[EventRounds "9"]
[EventCountry "CRO"]
[Source "lmi"]
[SourceDate "2011.04.11"]

1. c4 b6 2. d4 Bb7 3. Nc3 e6 4. a3 f5 5. Nh3 Nf6 6. f3 Bd6 7. e3 O-O 8. Be2 c5
9. dxc5 Bxc5 10. O-O Nc6 11. b4 Be7 12. Bb2 Qb8 13. Rc1 Rc8 14. f4 Nd8 15. Nf2
Nf7 16. Na4 Qc7 17. c5 Qd8 18. Bd4 Nd5 19. Bf3 bxc5 20. Nxc5 Bc6 21. Nb3 Nd6
22. Qd2 Nb5 23. Bb2 Qb6 24. Rfe1 Bf6 25. Na5 Bxb2 26. Qxb2 Nbc3 27. Kh1 Nb5 28.
Nc4 Qa6 29. Qb3 Nb6 30. Bxc6 Rxc6 31. Na5 Rxc1 32. Rxc1 Rc8 33. Rxc8+ Qxc8 34.
Nd3 Nd6 35. h3 Ne4 36. Kh2 Nd2 37. Qd1 Qc3 38. Qe2 Ne4 39. Ne5 Qxa3 40. Nac4
Qxb4 41. Nxb6 Qxb6 42. Nxd7 Qc7 43. Ne5 h6 44. Qb5 Nf6 45. Qa6 Qb6 46. Qc8+ Kh7
47. Nc4 Qb5 48. Qxe6 Qd5 49. Qa6 Qd3 50. Qe6 Qe4 51. Qc8 Qc2 52. Qe6 Qe4 53.
Qc8 1/2-1/2

[Event "Zagreb Open 2011 Grupo A"]
[Site "Zagreb CRO"]
[Date "2011.04.16"]
[Round "7.17"]
[White "Doric, Darko"]
[Black "Bukal, Vladimir Jr"]
[Result "1/2-1/2"]
[WhiteElo "2464"]
[BlackElo "2402"]
[PlyCount "67"]
[EventDate "2011.04.11"]
[EventType "swiss"]
[EventRounds "9"]
[EventCountry "CRO"]
[Source "lmi"]
[SourceDate "2011.04.11"]

1. d4 e6 2. c4 b6 3. e4 Bb4+ 4. Bd2 a5 5. Bd3 Nc6 6. Nf3 Qf6 7. e5 Bxd2+ 8.
Qxd2 Qh6 9. Nc3 Bb7 10. O-O-O Nb4 11. Be2 Qxd2+ 12. Rxd2 Ne7 13. a3 Na6 14. b3
O-O 15. Re1 Ng6 16. Bd1 f6 17. g3 fxe5 18. Nxe5 Nxe5 19. Rxe5 Bf3 20. Rd3 Bxd1
21. Nxd1 c6 22. f4 Nc7 23. Nc3 d6 24. Re2 h6 25. Kc2 Rf5 26. h4 Rf7 27. Ne4 d5
28. Nc3 a4 29. cxd5 axb3+ 30. Kxb3 exd5 31. Re5 Rd7 32. a4 Ne8 33. h5 Nd6 34.
g4 1/2-1/2

[Event "Zagreb Open 2011 Grupo A"]
[Site "Zagreb CRO"]
[Date "2011.04.16"]
[Round "7.19"]
[White "Loncar, Robert"]
[Black "Efroimski, Marsel"]
[Result "0-1"]
[WhiteElo "2394"]
[BlackElo "2222"]
[PlyCount "60"]
[EventDate "2011.04.11"]
[EventType "swiss"]
[EventRounds "9"]
[EventCountry "CRO"]
[Source "lmi"]
[SourceDate "2011.04.11"]

1. e4 c6 2. d4 d5 3. exd5 cxd5 4. c4 Nf6 5. Nc3 g6 6. cxd5 Bg7 7. Qb3 O-O 8.
Nf3 Nbd7 9. Bd3 Nb6 10. O-O Nbxd5 11. Re1 e6 12. a4 Qb6 13. Nb5 a5 14. Bd2 Bd7
15. Rac1 Rfc8 16. h3 Bc6 17. Rc4 Nc7 18. Qc2 Nxb5 19. axb5 Qxb5 20. Rc5 Qb6 21.
Ne5 Nd7 22. Nxd7 Bxd7 23. Be3 Qb4 24. Rd1 Rxc5 25. Qxc5 Qxc5 26. dxc5 Bc6 27.
b3 Rd8 28. f3 Bc3 29. Kf2 a4 30. Ke2 a3 0-1

[Event "Zagreb Open 2011 Grupo A"]
[Site "Zagreb CRO"]
[Date "2011.04.16"]
[Round "7.20"]
[White "Zelic, Mladen"]
[Black "Brumen, Dinko"]
[Result "1/2-1/2"]
[WhiteElo "2274"]
[BlackElo "2351"]
[PlyCount "51"]
[EventDate "2011.04.11"]
[EventType "swiss"]
[EventRounds "9"]
[EventCountry "CRO"]
[Source "lmi"]
[SourceDate "2011.04.11"]

1. e4 e6 2. d4 d5 3. Nc3 Bb4 4. Nge2 Nc6 5. a3 Ba5 6. Be3 Nge7 7. Qd3 O-O 8.
O-O-O a6 9. g3 b5 10. Bg2 b4 11. Na4 bxa3 12. Qxa3 Bb4 13. Qa2 Na7 14. c3 Ba5
15. Nf4 c6 16. Rhe1 Nb5 17. Nd3 Bd7 18. Ne5 Be8 19. Nc5 Bxc3 20. bxc3 Nxc3 21.
Qa3 Nxd1 22. Rxd1 dxe4 23. Bg5 Ra7 24. Bxe4 h6 25. Be3 Nd5 26. Bd2 1/2-1/2

[Event "Zagreb Open 2011 Grupo A"]
[Site "Zagreb CRO"]
[Date "2011.04.16"]
[Round "7.21"]
[White "Banas, Jan"]
[Black "Kantorik, Marian"]
[Result "1/2-1/2"]
[WhiteElo "2306"]
[BlackElo "2320"]
[PlyCount "20"]
[EventDate "2011.04.11"]
[EventType "swiss"]
[EventRounds "9"]
[EventCountry "CRO"]
[Source "lmi"]
[SourceDate "2011.04.11"]

1. c4 e6 2. Nc3 d5 3. d4 c6 4. e3 Nf6 5. Nf3 Nbd7 6. Qc2 Bd6 7. b3 O-O 8. Be2
dxc4 9. bxc4 e5 10. O-O Re8 1/2-1/2

[Event "Zagreb Open 2011 Grupo A"]
[Site "Zagreb CRO"]
[Date "2011.04.16"]
[Round "7.22"]
[White "Ivekovic, Zvonimir"]
[Black "Kristovic, Marijan"]
[Result "1-0"]
[WhiteElo "2308"]
[BlackElo "2320"]
[PlyCount "87"]
[EventDate "2011.04.11"]
[EventType "swiss"]
[EventRounds "9"]
[EventCountry "CRO"]
[Source "lmi"]
[SourceDate "2011.04.11"]

1. e4 c5 2. Nf3 a6 3. d4 cxd4 4. Nxd4 e5 5. Nf3 Nc6 6. Nc3 h6 7. Bc4 Nf6 8. O-O
Bc5 9. Be3 Bxe3 10. fxe3 O-O 11. Nh4 d6 12. Nf5 Bxf5 13. Rxf5 Rc8 14. Bb3 Na5
15. Qf3 Nxb3 16. axb3 Nh7 17. Rf1 Ng5 18. Qg4 g6 19. R5f2 h5 20. Qd1 Kg7 21.
Qd3 Rc6 22. Nd5 h4 23. c4 h3 24. g3 Qd7 25. b4 Qg4 26. Nf6 Qe6 27. b3 Rfc8 28.
Nd5 b5 29. Rf6 Qd7 30. Qe2 Rf8 31. c5 Nxe4 32. Qf3 Ng5 33. Rxg6+ Kxg6 34. Qf6+
Kh5 35. Qg7 dxc5 36. Rf6 Kg4 37. e4 Qxd5 38. exd5 Rxf6 39. Qxf6 cxb4 40. Qe7
Ra8 41. d6 a5 42. d7 Ne6 43. Qxf7 Nd8 44. Qg6+ 1-0

[Event "Zagreb Open 2011 Grupo A"]
[Site "Zagreb CRO"]
[Date "2011.04.17"]
[Round "8.1"]
[White "Gajewski, Grzegorz"]
[Black "Greenfeld, Alon"]
[Result "1-0"]
[WhiteElo "2567"]
[BlackElo "2571"]
[PlyCount "78"]
[EventDate "2011.04.11"]
[EventType "swiss"]
[EventRounds "9"]
[EventCountry "CRO"]
[Source "lmi"]
[SourceDate "2011.04.11"]

1. d4 Nf6 2. c4 g6 3. Nc3 d5 4. cxd5 Nxd5 5. e4 Nxc3 6. bxc3 Bg7 7. Be3 c5 8.
Qd2 O-O 9. Rc1 Qa5 10. Nf3 cxd4 11. cxd4 Qxd2+ 12. Nxd2 e6 13. Nb3 b6 14. f3
Ba6 15. Be2 Rd8 16. Kf2 Kf8 17. h4 Bxe2 18. Kxe2 Na6 19. Rc4 Rdc8 20. Rhc1 Rxc4
21. Rxc4 Ke8 22. Nc1 Kd7 23. Nd3 Nb8 24. h5 Nc6 25. h6 Bf6 26. a4 Rc8 27. g4 e5
28. dxe5 Nxe5 29. Rxc8 Kxc8 30. Nf4 Kb7 31. Nd5 Nd7 32. g5 Ba1 33. f4 a6 34.
Kd3 f6 35. Bd4 Bxd4 36. Kxd4 fxg5 37. fxg5 b5 38. a5 Nf8 39. Ke5 Kc6 1-0

[Event "Zagreb Open 2011 Grupo A"]
[Site "Zagreb CRO"]
[Date "2011.04.17"]
[Round "8.2"]
[White "Gleizerov, Evgeny"]
[Black "Bosiocic, Marin"]
[Result "1/2-1/2"]
[WhiteElo "2579"]
[BlackElo "2561"]
[PlyCount "36"]
[EventDate "2011.04.11"]
[EventType "swiss"]
[EventRounds "9"]
[EventCountry "CRO"]
[Source "lmi"]
[SourceDate "2011.04.11"]

1. d4 Nf6 2. c4 g6 3. Nc3 d5 4. e3 Bg7 5. cxd5 Nxd5 6. Nxd5 Qxd5 7. Ne2 O-O 8.
Nc3 Qd6 9. Be2 c6 10. O-O Nd7 11. Ne4 Qc7 12. b3 Rd8 13. Qc2 Nf6 14. Nxf6+ Bxf6
15. Bb2 e5 16. dxe5 Bxe5 17. Bxe5 Qxe5 18. Rad1 Be6 1/2-1/2

[Event "Zagreb Open 2011 Grupo A"]
[Site "Zagreb CRO"]
[Date "2011.04.17"]
[Round "8.3"]
[White "Martinovic, Sasa"]
[Black "Stevic, Hrvoje"]
[Result "0-1"]
[WhiteElo "2504"]
[BlackElo "2611"]
[PlyCount "70"]
[EventDate "2011.04.11"]
[EventType "swiss"]
[EventRounds "9"]
[EventCountry "CRO"]
[Source "lmi"]
[SourceDate "2011.04.11"]

1. d4 d5 2. c4 c6 3. cxd5 cxd5 4. Nf3 Nc6 5. Nc3 e6 6. Bf4 Bd6 7. Bxd6 Qxd6 8.
e3 a6 9. Bd3 f5 10. O-O Nf6 11. Rc1 O-O 12. Na4 Bd7 13. a3 Ne4 14. b4 Be8 15.
Nc5 Qe7 16. Be2 Bh5 17. Nxa6 Bxf3 18. gxf3 Qh4 19. fxe4 Rf6 20. f4 Rg6+ 21. Kh1
Rh6 22. Bh5 Rxh5 23. Qe2 fxe4 24. Rg1 g6 25. b5 Ne7 26. Rg4 Qh3 27. Rc7 Nf5 28.
Qg2 Qf3 29. Qxf3 exf3 30. Rg1 f2 31. Rb1 Ng3+ 32. Kg2 f1=Q+ 33. Rxf1 Nxf1 34.
Kxf1 bxa6 35. b6 Rxh2 0-1

[Event "Zagreb Open 2011 Grupo A"]
[Site "Zagreb CRO"]
[Date "2011.04.17"]
[Round "8.4"]
[White "Banusz, Tamas"]
[Black "Brkic, Ante"]
[Result "1-0"]
[WhiteElo "2563"]
[BlackElo "2592"]
[PlyCount "51"]
[EventDate "2011.04.11"]
[EventType "swiss"]
[EventRounds "9"]
[EventCountry "CRO"]
[Source "lmi"]
[SourceDate "2011.04.11"]

1. d4 d5 2. Nf3 Nf6 3. c4 e6 4. Nc3 Bb4 5. cxd5 exd5 6. Bg5 Nbd7 7. e3 c5 8.
Bd3 Qa5 9. O-O c4 10. Bc2 Bxc3 11. bxc3 Qxc3 12. Rc1 Qa3 13. Ne5 Qd6 14. e4
Nxe4 15. Bxe4 dxe4 16. Nxc4 Qg6 17. Bf4 O-O 18. Rc3 b5 19. Nd6 Nb6 20. Rg3 Qe6
21. Qh5 Kh8 22. Re1 Bd7 23. Rxe4 Qxa2 24. h3 Nc8 25. Rxg7 Kxg7 26. Qg5+ 1-0

[Event "Zagreb Open 2011 Grupo A"]
[Site "Zagreb CRO"]
[Date "2011.04.17"]
[Round "8.5"]
[White "Petkov, Vladimir"]
[Black "Postny, Evgeny"]
[Result "1/2-1/2"]
[WhiteElo "2493"]
[BlackElo "2585"]
[PlyCount "60"]
[EventDate "2011.04.11"]
[EventType "swiss"]
[EventRounds "9"]
[EventCountry "CRO"]
[Source "lmi"]
[SourceDate "2011.04.11"]

1. Nf3 d5 2. c4 c6 3. e3 Nf6 4. Nc3 a6 5. Qc2 g6 6. d4 Bg7 7. Bd3 Bg4 8. Ne5
Be6 9. O-O O-O 10. Bd2 dxc4 11. Nxc4 b5 12. Ne5 c5 13. dxc5 Qc7 14. Nf3 Qxc5
15. Nd4 Bd7 16. Rfc1 Nc6 17. Nxc6 Qxc6 18. Ne4 Rac8 19. Qxc6 Bxc6 20. Nxf6+
Bxf6 21. Bc3 Rfd8 22. Bf1 Be8 23. Bxf6 Rxc1 24. Rxc1 exf6 25. Rc2 Rd1 26. f3 f5
27. Kf2 Kf8 28. Be2 Ra1 29. a3 Bd7 30. Rd2 Ke7 1/2-1/2

[Event "Zagreb Open 2011 Grupo A"]
[Site "Zagreb CRO"]
[Date "2011.04.17"]
[Round "8.6"]
[White "Kozul, Zdenko"]
[Black "Zelcic, Robert"]
[Result "0-1"]
[WhiteElo "2568"]
[BlackElo "2550"]
[PlyCount "114"]
[EventDate "2011.04.11"]
[EventType "swiss"]
[EventRounds "9"]
[EventCountry "CRO"]
[Source "lmi"]
[SourceDate "2011.04.11"]

1. d4 Nf6 2. Nf3 e6 3. c4 c5 4. d5 b5 5. Bg5 Qa5+ 6. Nbd2 Be7 7. e4 d6 8. Be2
h6 9. Bxf6 Bxf6 10. O-O exd5 11. cxd5 O-O 12. a4 b4 13. Qc2 Nd7 14. Nc4 Qc7 15.
Rae1 Re8 16. Nfd2 Ba6 17. Ne3 Bxe2 18. Rxe2 b3 19. Nxb3 Rab8 20. Nc4 Rb4 21.
Nbd2 Nb6 22. b3 Nxd5 23. g3 Bd4 24. Kg2 Nb6 25. Nxb6 Qxb6 26. Rfe1 Qc6 27. h4
Reb8 28. Rd1 Qa6 29. Ree1 Bf6 30. Re3 Bd4 31. Rd3 Qb7 32. Re1 Re8 33. Qd1 Qc6
34. Qf3 Rb7 35. Rc1 Qa6 36. Nc4 Rbe7 37. b4 Re6 38. Qd1 Qb7 39. bxc5 Qxe4+ 40.
f3 Qf5 41. Rd2 dxc5 42. Qc2 Qd5 43. Rb1 g6 44. Qd3 h5 45. a5 Qc6 46. Rc2 Qc7
47. Kh2 Qd7 48. Kg2 Re1 49. Rd2 R1e6 50. Rc2 R8e7 51. Rd2 Qe8 52. Kh3 Kh7 53.
Rbd1 Re1 54. Rxe1 Rxe1 55. Kh2 Qe6 56. Rc2 Kg7 57. Kg2 Rg1+ 0-1

[Event "Zagreb Open 2011 Grupo A"]
[Site "Zagreb CRO"]
[Date "2011.04.17"]
[Round "8.7"]
[White "Burmakin, Vladimir"]
[Black "Papp, Gabor"]
[Result "1/2-1/2"]
[WhiteElo "2594"]
[BlackElo "2539"]
[PlyCount "102"]
[EventDate "2011.04.11"]
[EventType "swiss"]
[EventRounds "9"]
[EventCountry "CRO"]
[Source "lmi"]
[SourceDate "2011.04.11"]

1. Nf3 Nf6 2. c4 e6 3. g3 d5 4. Bg2 Be7 5. O-O O-O 6. b3 d4 7. e3 c5 8. exd4
cxd4 9. Re1 Nc6 10. d3 h6 11. a3 a5 12. Bb2 Re8 13. Nbd2 Bf8 14. Ne5 Nxe5 15.
Rxe5 Nd7 16. Rb5 Nc5 17. Ne4 Na6 18. b4 Nc7 19. Rxa5 Rxa5 20. bxa5 Na6 21. Nd2
e5 22. Nb3 Qc7 23. Bc1 Bd7 24. Rb1 Bc6 25. Qe2 Bxg2 26. Kxg2 Qd7 27. Qf3 f5 28.
Qd5+ Qxd5+ 29. cxd5 Rd8 30. f4 exf4 31. Nxd4 Rxd5 32. Ne6 Rxa5 33. Nxf8 Kxf8
34. Bxf4 b5 35. Bd6+ Kf7 36. Rc1 Ke6 37. Bf8 Kf7 38. Bd6 Ke6 39. Bf8 Kf7 40.
Rc8 Ra4 41. Bd6 b4 42. axb4 Nxb4 43. Rc7+ Kf6 44. d4 Nd3 45. Bf8 g5 46. Rc6+
Kf7 47. Bxh6 g4 48. Be3 Nb4 49. Rc5 Ke6 50. Re5+ Kf6 51. Rb5 Nc2 1/2-1/2

[Event "Zagreb Open 2011 Grupo A"]
[Site "Zagreb CRO"]
[Date "2011.04.17"]
[Round "8.9"]
[White "Dutina, Dario"]
[Black "Jankovic, Alojzije"]
[Result "0-1"]
[WhiteElo "2282"]
[BlackElo "2563"]
[PlyCount "80"]
[EventDate "2011.04.11"]
[EventType "swiss"]
[EventRounds "9"]
[EventCountry "CRO"]
[Source "lmi"]
[SourceDate "2011.04.11"]

1. f4 d5 2. Nf3 g6 3. e3 Bg7 4. Be2 c5 5. O-O Nf6 6. d4 O-O 7. b3 Qc7 8. c3 Bf5
9. Ne5 Nbd7 10. Nxd7 Qxd7 11. Bf3 Rfc8 12. Bb2 h5 13. Nd2 cxd4 14. exd4 Bh6 15.
g3 Rc6 16. Re1 Bg4 17. Re5 Rac8 18. Rc1 Bg7 19. Re3 Ne8 20. Qe1 R6c7 21. Bg2
Nd6 22. Qf1 Nb5 23. h3 Bf5 24. Kh2 a6 25. Nf3 Nd6 26. Ne5 Bxe5 27. fxe5 Ne8 28.
Ba3 Ng7 29. Bb2 b5 30. Rce1 a5 31. Rc1 Ne6 32. Rf3 Be4 33. Rf2 Bxg2 34. Rxg2
Ng5 35. Rf2 Qe6 36. Rf4 b4 37. h4 bxc3 38. Rxc3 Ne4 39. Rxc7 Rxc7 40. Qd1 Qc8
0-1

[Event "Zagreb Open 2011 Grupo A"]
[Site "Zagreb CRO"]
[Date "2011.04.17"]
[Round "8.10"]
[White "Zelic, Zdravko"]
[Black "Jovanic, Ognjen"]
[Result "1/2-1/2"]
[WhiteElo "2391"]
[BlackElo "2480"]
[PlyCount "29"]
[EventDate "2011.04.11"]
[EventType "swiss"]
[EventRounds "9"]
[EventCountry "CRO"]
[Source "lmi"]
[SourceDate "2011.04.11"]

1. e4 e5 2. Nf3 Nc6 3. Bb5 Nf6 4. O-O Nxe4 5. Re1 Nd6 6. Nxe5 Be7 7. Bf1 Nxe5
8. Rxe5 O-O 9. d4 Bf6 10. Re1 Nf5 11. c3 Re8 12. Bf4 Rxe1 13. Qxe1 c6 14. Nd2
d5 15. Nf3 1/2-1/2

[Event "Zagreb Open 2011 Grupo A"]
[Site "Zagreb CRO"]
[Date "2011.04.17"]
[Round "8.12"]
[White "Petrov, Marijan"]
[Black "Saric, Ante"]
[Result "1/2-1/2"]
[WhiteElo "2534"]
[BlackElo "2491"]
[PlyCount "25"]
[EventDate "2011.04.11"]
[EventType "swiss"]
[EventRounds "9"]
[EventCountry "CRO"]
[Source "lmi"]
[SourceDate "2011.04.11"]

1. e4 e5 2. Nf3 Nf6 3. Nxe5 d6 4. Nf3 Nxe4 5. d4 d5 6. Bd3 Nc6 7. O-O Be7 8.
Nc3 Bf5 9. Re1 Nxc3 10. bxc3 Bxd3 11. Qxd3 O-O 12. Bf4 Bd6 13. Ne5 1/2-1/2